Learning with computers 1 / (Record no. 137175)

MARC details
000 -LEADER
fixed length control field 00582nam a22002057a 4500
010 ## - LIBRARY OF CONGRESS CONTROL NUMBER
LC control number B-089668
020 ## - INTERNATIONAL STANDARD BOOK NUMBER
International Standard Book Number 007044515
035 ## - SYSTEM CONTROL NUMBER
System control number B-089668
037 ## - SOURCE OF ACQUISITION
Source of stock number/acquisition Cen Lib / Ret
040 ## - CATALOGING SOURCE
Original cataloging agency DPL
Language of cataloging En
082 ## - DEWEY DECIMAL CLASSIFICATION NUMBER
Classification number 005
Item number NAR
100 ## - MAIN ENTRY--PERSONAL NAME
Personal name Narasimhan, Jaya
245 ## - TITLE STATEMENT
Title Learning with computers 1 /
Statement of responsibility, etc by Jaya Narasimhan
260 ## - PUBLICATION, DISTRIBUTION, ETC. (IMPRINT)
Place of publication, distribution, etc New Delhi
Name of publisher, distributor, etc Tata McGraw-Hill Publishing Co
Date of publication, distribution, etc 2002
270 ## - ADDRESS
Address Tata McGraw-Hill Publishing Co
City New Delhi
300 ## - PHYSICAL DESCRIPTION
Extent 96p ;
Dimensions 27cm(Hb)
650 ## - SUBJECT ADDED ENTRY--TOPICAL TERM
Topical term or geographic name as entry element Compuer science
650 ## - SUBJECT ADDED ENTRY--TOPICAL TERM
Topical term or geographic name as entry element Basic computer
942 ## - ADDED ENTRY ELEMENTS (KOHA)
Source of classification or shelving scheme Dewey Decimal Classification
Koha item type English Books
Classification part 005
Call number suffix NAR
Holdings
Withdrawn status Lost status Damaged status Not for loan Home library Current library Date acquired Source of acquisition Total Checkouts Full call number Barcode Date last seen Copy number Price effective from Koha item type
        Central Library Central Library 21/03/2016 Cen Lib/Ret   005 NAR B-089668 21/03/2016 1 21/03/2016 English Books

© Delhi Public Library
Hit Counter
free hit counter